000 00669nam a2200193 a 4500
003 0
005 20250303141741.0
008 120723s19uu xx 00 eng d
050 _aPGS LB 1049.9.I58
_b.C545 2012
100 _aSeok, Choi Ji
245 _aInternet usage and study habits /
_cJi Seok Choi.
260 _aLas PiƱas City, Philippines :
_bSouthville International School and Colleges,
_c2012.
300 _a23 pages :
_billustrations ;
_c28 cm.
504 _aIncludes bibliographical references.
650 _aInternet and education.
650 _aInternet use
_vEffect on students .
650 _aStudy skills
_vElementary students.
942 _2lcc
_cPASS
999 _c98773
_d98773